Teoretické a praktické aspekty manažmentu a ekonomiky samosprávy recenzovaný zborník príspevkov z vedeckej konferencie : Herľany 26. september 2012
Guardado en:
| Autor Corporativo: | |
|---|---|
| Otros Autores: | , , |
| Formato: | Libro |
| Lenguaje: | eslovaco |
| Publicado: |
Košice
Katedra regionálnych vied a manažmentu Ekonomickej fakulty TU v Košiciach
[2012]
|
| Materias: | |
| Etiquetas: |
Sin Etiquetas, Sea el primero en etiquetar este registro!
|
MARC
| LEADER | 00000nlm a2200000 4500 | ||
|---|---|---|---|
| 001 | 0165631 | ||
| 005 | 20251027113311.0 | ||
| 020 | |a 978-80-553-1243-9 | ||
| 041 | 0 | |a slo | |
| 044 | |a SK | ||
| 245 | 1 | 0 | |a Teoretické a praktické aspekty manažmentu a ekonomiky samosprávy |b recenzovaný zborník príspevkov z vedeckej konferencie : Herľany 26. september 2012 |c CD zostavila Barbora Dugasová |
| 264 | 1 | |a Košice |b Katedra regionálnych vied a manažmentu Ekonomickej fakulty TU v Košiciach |c [2012] | |
| 300 | |a CD-ROM [110 s., 5,5 AH] | ||
| 610 | 2 | 0 | |a manažment verejnej správy |
| 610 | 2 | 0 | |a samospráva |
| 610 | 2 | 0 | |a samospráva miestna |
| 610 | 2 | 0 | |a správa verejná |
| 610 | 2 | 0 | |a benchmarking |
| 610 | 2 | 0 | |a obce |
| 610 | 2 | 0 | |a technológie informačné |
| 610 | 2 | 0 | |a služby sociálne |
| 700 | 1 | |a Dugasová, Barbora, 1986- | |
| 700 | 1 | |a Šebová, Miriam | |
| 700 | 1 | |a Petríková, Daniela | |
| 110 | 2 | |a Teoretické a praktické aspekty manažmentu a ekonomiky samosprávy. Vedecká konferencia | |